| 000 | 00680nam a2200217 i 4500 | ||
|---|---|---|---|
| 001 | 18944 | ||
| 003 | ES-MaACL | ||
| 005 | 20230906151946.0 | ||
| 007 | t| | ||
| 008 | 020416s1990 sp ||||1| spa d | ||
| 020 | _a84-404-5702-2 | ||
| 080 | _a75.036(460):069.538(460) | ||
| 100 | 1 |
_aZumel, Nelson. _9118494 |
|
| 245 | 1 | 0 |
_aColecciones particulares de pintura (siglos XIX y XX) / _cNelson Zumel. |
| 250 | _a1ª ed. | ||
| 260 |
_aMadrid : _bN. Zumel, _c1990. |
||
| 300 |
_a399 p. : _bprincipalmente il. col. ; _c33 cm. |
||
| 650 | 4 |
_aPintura española- _yS.XIX- _vCatálogos. _9169701 |
|
| 650 | 4 |
_aPintura española- _yS.XX- _vCatálogos. _9169702 |
|
| 852 |
_aES-MaACL _jG-5601 |
||
| 999 |
_c18944 _d18944 |
||